ABDÜLHAMİD İN KURTLARLA DANSI 1 (Record no. 1064298)
[ view plain ]
| 000 -LEADER | |
|---|---|
| sabit uzunluktaki kontrol alanı | 00263nam a2200097Ia 4500 |
| 001 - KONTROL NUMARASI | |
| kontrol alanı | 1064298 |
| 005 - EN SON İŞLEMİN TARİH VE ZAMANI | |
| kontrol alanı | 20250827001712.0 |
| 008 - SABİT-UZUNLUKTA VERİ ÖĞELERİ--GENEL BİLGİ | |
| sabit uzunluktaki kontrol alanı | 250824s9999 xx 000 0 und d |
| 245 #0 - ESER / YAZAR | |
| ESER ADI | ABDÜLHAMİD İN KURTLARLA DANSI 1 |
| Yazar Adı | MUSTAFA ARMAĞAN |
| 260 ## - YAYIN, DAĞITIM, VB. | |
| YAYIN EVİ | KETEBE YAYINLARI |
| Düşüm durumu | Kayıp durumu | Hasar Durumu | Ödünç verilmez | Ana kütüphane | Geçerli Kütüphane | Edinilen tarih | Toplam ödünç verme sayısı | Barkod | İade tarihi | Son görüntüleme tarihi | Son ödünç verme tarihi | Fiyatın geçerli olmaya başladığı tarih | Koha materyal türü |
|---|---|---|---|---|---|---|---|---|---|---|---|---|---|
| MAHMUT SAMİ RAMAZANOĞLU A.İ.H.L-2 | MAHMUT SAMİ RAMAZANOĞLU A.İ.H.L-2 | 24.08.2025 | 3 | 10822829 | 09.05.2026 | 24.04.2026 | 24.04.2026 | 27.08.2025 | Books |